Core Java, V2: Advanced features (Record no. 397199)

MARC details
000 -LEADER
fixed length control field 00532 a2200193 4500
005 - DATE & TIME
control field 20260414113101.0
008 - FIXED-LENGTH DATA ELEMENTS--GENERAL INFORMATION
fixed length control field 260413b |||||||| |||| 00| 0 eng d
020 ## - ISBN
International Standard Book Number 9789367136652
Price Rs. 1270.00
040 ## - CATALOGING SOURCE
Original cataloging agency VIVEKANANDA LIBRARY
082 ## - DDC NUMBER
Classification number 005.133
Book Number H78C(13)
100 ## - MAIN ENTRY--PERSONAL NAME
Personal name Horstmann, Cay S
245 ## - TITLE STATEMENT
Title Core Java, V2: Advanced features
250 ## - EDITION STATEMENT
Edition statement 13th
260 ## - PUBLICATION, DISTRIBUTION, ETC. (IMPRINT)
Name of publisher, distributor, etc Pearson India Education Services
Date of publication, distribution, etc 2025
Place of publication, distribution, etc Noida
300 ## - PHYSICAL DESCRIPTION
Pages xvi, 866
650 ## - Subject
Subject Computer Science
650 ## - Subject
Subject Java- Computer Programming Language
942 ## - ADDED ENTRY ELEMENTS (KOHA)
Koha item type Books
Holdings
Withdrawn status Lost status Source of classification or shelving scheme Damaged status Not for loan Location (home branch) Sublocation or collection (holding branch) Shelving location Date acquired Koha issues (times borrowed) Koha full call number Accession No. Koha date last seen Copy number Koha item type
    Dewey Decimal Classification     VIVEKANANDA LIBRARY VIVEKANANDA LIBRARY UIET Library 25/03/2026   005.133 H78C(13) 431197 25/03/2026 V2 Books
    Dewey Decimal Classification     VIVEKANANDA LIBRARY VIVEKANANDA LIBRARY UIET Library 25/03/2026   005.133 H78C(13) 431196 25/03/2026 V2 Books
© Designed and Maintained by Vivekananda Library, MDU Rohtak